000
00278nam a2200121 a 4500
008
110105s1977|||| d
100
1
_a
Engels, Marx
245
1
0
_a
Vybrané spisy 1.diel
260
_b
Pravda
_a
Bratislava
_c
1977
020
_c
18
041
_a
slo
044
_a
xo
_c
SK
999
_c
15516
_d
15516